Matériels pour l'agriculture : 1500 références pour l'équipément des petites et moyennes exploitations (Record no. 11891)
[ view plain ]
| 000 -LEADER | |
|---|---|
| fixed length control field | 00555 a2200193 4500 |
| 035 ## - SYSTEM CONTROL NUMBER | |
| System control number | 11667 |
| 100 ## - VEDETTE PRINCIPALE - NOM DE PERSONNE | |
| Personal name | Groupe de Recherche et d'Echanges technologiques |
| 130 ## - VEDETTE PRINCIPALE - TITRE UNIFORME | |
| Language of a work | Fr. |
| 260 ## - PUBLICATION, DISTRIBUTION, ETC. (IMPRINT) | |
| Place of publication, distribution, etc | Paris |
| 260 ## - PUBLICATION, DISTRIBUTION, ETC. (IMPRINT) | |
| Name of publisher, distributor, etc | GRET |
| 245 ## - TITLE STATEMENT | |
| Title | Matériels pour l'agriculture : 1500 références pour l'équipément des petites et moyennes exploitations |
| 260 ## - PUBLICATION, DISTRIBUTION, ETC. (IMPRINT) | |
| Date of publication, distribution, etc | 1992 |
| 300 ## - PHYSICAL DESCRIPTION | |
| Extent | 301 p. |
| 300 ## - PHYSICAL DESCRIPTION | |
| Other physical details | ill., photo. ; 30 cm |
| 500 ## - GENERAL NOTE | |
| General note | La couv. porte en outre : coopération française et CTA |
| Withdrawn status | Lost status | Damaged status | Not for loan | Location (home branch) | Sublocation or collection (holding branch) | Date acquired | Source of acquisition | Koha issues (times borrowed) | Koha full call number | Piece designation (barcode) | Koha date last seen | Copy number | Koha item type |
|---|---|---|---|---|---|---|---|---|---|---|---|---|---|
| Bibliothèque Ecole Polytechnique d'Abomey-Calavi | Bibliothèque Ecole Polytechnique d'Abomey-Calavi | 27/02/2009 | EPAC | 631.3/G882m | 21266EPAC | 27/02/2009 | 1 | Livre |